| 000 | 00778nam a2200253 a 4500 | ||
|---|---|---|---|
| 001 | 59153 | ||
| 003 | BD-RjUL | ||
| 005 | 20211209080711.0 | ||
| 008 | 161221s1969 nyua b 000 0 eng d | ||
| 020 | _a0471556580 | ||
| 035 | _a(BD-RjUL)59277 | ||
| 040 |
_aDLC _cDLC _dSER _dUKM _dEQO _beng |
||
| 041 | _aeng | ||
| 082 |
_a658 _223 _bLUC 1969 |
||
| 100 | 1 |
_aLuthans, Fred. _9175890 |
|
| 245 | 1 | 0 |
_aCases, readings, and review guide for Principles of management / _cFred Luthans |
| 260 |
_aNew York : _bWiley, _cc1969 |
||
| 300 |
_axiv, 207 p. : _bill. ; _c26 cm |
||
| 504 | _aIncludes bibliographical references | ||
| 650 | 0 |
_aIndustrial management _9171014 |
|
| 700 | 1 |
_aAlbers, Henry H., _d1919- _tPrinciples of management. _9175891 |
|
| 942 |
_2ddc _cBK |
||
| 999 |
_c59153 _d59153 |
||